Hạt Higgs và mô hình chuẩn cuộc phiêu lưu kì thú của khoa học Cuộc phiêu lưu kì thú của khoa học
Trình bày những mô hình chuẩn và hạt Higgs; CERN - hợp tác khoa học quốc tế; hành trình tìm kiếm Boson Higgs; máy gia tốc đối trùm và các hệ đo; hành trình khám phá Higgs và khoa học Việt Nam
Đã lưu trong:
| 其他作者: | , , , , |
|---|---|
| 格式: | 图书 |
| 语言: | Vietnamese |
| 出版: |
H.
Tri thức
2014
|
| 主题: | |
| 标签: |
添加标签
没有标签, 成为第一个标记此记录!
|
| Thư viện lưu trữ: | Mạng thư viện Đại học Đà Nẵng |
|---|
| LEADER | 01655aam a22004098a 4500 | ||
|---|---|---|---|
| 001 | 000020191 | ||
| 003 | 16636 | ||
| 005 | 20150306100318.0 | ||
| 008 | 150306s2014 viesd | ||
| 020 | |c 450000đ |d 500b | ||
| 041 | 0 | |a vie | |
| 082 | 0 | 4 | |2 23 |a 539.7 |b Hat |
| 245 | 0 | 0 | |a Hạt Higgs và mô hình chuẩn cuộc phiêu lưu kì thú của khoa học |b Cuộc phiêu lưu kì thú của khoa học |c Ch.b.: Cao Chi, Chu Hảo, Pierre Darriulat... |
| 260 | |a H. |b Tri thức |c 2014 | ||
| 300 | |a 525 tr. |b minh hoạ |c 24 cm. | ||
| 520 | |a Trình bày những mô hình chuẩn và hạt Higgs; CERN - hợp tác khoa học quốc tế; hành trình tìm kiếm Boson Higgs; máy gia tốc đối trùm và các hệ đo; hành trình khám phá Higgs và khoa học Việt Nam | ||
| 650 | 0 | 4 | |2 Bộ TK TVQG |a Vật lí hạt nhân |y Mô hình chuẩn |
| 650 | 7 | |2 Bộ TK TVQG | |
| 650 | 7 | |2 Bộ TK TVQG | |
| 653 | |a Hạt Higgs | ||
| 653 | |a Vật lí hạt nhân | ||
| 653 | |a Nghiên cứu khoa học | ||
| 700 | 1 | |a Cao Chi |e ch.b. | |
| 700 | 1 | |a Phạm Xuân Yêm |e ch.b. | |
| 700 | 1 | |a Chu Hảo |e ch.b. | |
| 700 | 1 | |a Darriulat, Pierre |e ch.b. | |
| 700 | 1 | |a Nguyễn Xuân Xanh |e ch.b. | |
| OWN | |a LSP | ||
| AVA | |a UDN50 |b LSP |d 539.7 Hat |e available |t Error 5001 Not defined in file expand_doc_bib_avail. |f 2 |g 0 |h N |i 0 |k 1 | ||
| 999 | |a From the UDN01 | ||
| AVA | |a UDN50 |b LSP |d 539.7 Hat |e available |t Error 5001 Not defined in file expand_doc_bib_avail. |f 2 |g 0 |h N |i 0 |k 1 | ||
| TYP | |a Monograph | ||
| TYP | |a Printed language | ||
| 980 | |a Mạng thư viện Đại học Đà Nẵng | ||